Türkiyede petrol sorunu (Record no. 2348)

MARC details
000 -BAŞLIK
Sabit Uzunlukta Kontrol Alanı 00752na a2200253 4500
001 - KONTROL NUMARASI
Denetim Alanı 18263
003 - KONTROL NUMARASI IDENTIFIER
Denetim Alanı MIRAKIL
005 - SON İŞLEM TARİHİ VE ZAMANI
Denetim Alanı 20181213154854.0
008 - SABİT-BOY VERİ ELEMANLARI - GENEL BİLGİLER
Sabit Uzunlukta Kontrol Alanı 161116b tu 000 0
035 ## - SİSTEM KONTROL NUMARASI
Sistem Kontrol Numarası 18263
040 ## - KATALOGLAMA KAYNAK
Orijinal Kataloglama Ajansı Milas
Kataloglama Dili tur
Metne Dönüştürmek Ajansı TR-AnCHP
041 ## - DİL KODU
Metin / Ses Parça Veya Ayrı Başlığın Dil Kodu tur
082 ## - DEWEY ONLU SINIFLANDIRMA NUMARASI
Sınıflandırma Numarası 338.27282
Ürün Numarası T96 1975
090 ## - SINIFLAMA NUMARASI
Sınıflama Numarası 338.27282 T96 1975
245 ## - BAŞLIK TABLOSU
Başlık Türkiyede petrol sorunu
Başlığın Kalan Arama, üretim, dağıtım
Sorumluluk Tablosu, Vb TMMOB Jeoloji Mühendisleri Odası
260 ## - YAYIN, DAĞITIM, VB
Yayın, Dağıtım, Vb Yeri Ankara
Yayıncı, Dağıtıcı, Vs Adı TMMOB
Yayın, Dağıtım, Vb Tarihi 1975
300 ## - FİZİKSEL TANIM
Kapsam 52 s.
Boyutlar 25 sm.
650 ## - KONU KATMA GİRİŞ - TOPİKAL DÖNEM
Topikal Süreli Veya Coğrafi Ad Giriş Elemanı Petrol
Genel Alt Bölümü Dağıtım
Kronolojik Alt Bölümü Sorunlar
650 ## - KONU KATMA GİRİŞ - TOPİKAL DÖNEM
Topikal Süreli Veya Coğrafi Ad Giriş Elemanı Petrol
Genel Alt Bölümü Arama
Kronolojik Alt Bölümü Sorunlar
650 ## - KONU KATMA GİRİŞ - TOPİKAL DÖNEM
Topikal Süreli Veya Coğrafi Ad Giriş Elemanı Petrol
Genel Alt Bölümü Üretim
Kronolojik Alt Bölümü Sorunlar
651 ## - KONU KATMA GİRİŞ - COĞRAFİ ADI
Coğrafi İsim Türkiye
Genel Alt Bölümü Petrol
Kronolojik Alt Bölümü Sorunlar
710 ## - KATMA GİRİŞ - KURUMSAL ADI
Giriş Elemanı Olarak Kurumsal Ad Veya Yargı Alanı Adı Türkiye Mimar ve Mühendisler Odası Birliği
942 ## - EKLENDİ GİRİŞ ELEMANLARI (KOHA)
Sınıflandırma Veya Raf Düzeni Kaynak Dewey Decimal Classification
Koha Öğesi Türü Books
999 ## - SİSTEM KONTROL NUMARALARI (KOHA)
Koha Biblionumber 2348
Koha Biblioitemnumber 2348
Holdings
Kalıcı Konum Mevcut Konum Edinme Tarihi Edinim Kaynak Toplam Check-Out'Lar Tam Çağrı Numarası Barkod Tarih Son Görülme İtibaren Geçerli Fiyatlar Koha Öğesi Türü
CHP Kütüphanesi CHP Kütüphanesi 11/15/2016 Bağış   338.27282 T96 1975 008677 11/15/2016 11/15/2016 Books